000 00667nam a2200229Ia 4500
001 10178
003 GE_BSU
008 181216s||||||||xx |||||||||||||| ||und||
040 _cGE_BSU
080 _a821.353.1
100 _aტაბიძე,გალაქტიონ
245 _aთხზულებანი ტ.5
245 _bლექსები
245 _cრედ.ან.თევზაძე
260 _aთბილისი
260 _bსახელგამი
260 _c1952
300 _a244გვ.1ფ.პორტრ.18სმ.
653 _aთხზულებანი
653 _aლექსები
942 _cBK
999 _c43448
_d43448